000 01146nam0a22003131 4500
001 rc\2276826
005 20250623040531.0
035 _a(NLR Aleph) 006556774
090 _a6800256
_c6800256
100 _a20110829d1979 |||y0rusy50 ca
101 0 _arus
102 _aRU
105 _ay j |||||
200 1 _aМатематический анализ в селекции и частной генетике плодовых пород
_fОтв. ред. Г.А. Патерило
210 _aКишинев
_cШтиинца
_d1979
215 _a191 с.
_d22
300 _aВ надзаг.: Молд. НИИ плодоводства
320 _aБиблиогр.: с. 188-189
606 _aПлодовые культуры
_xСелекция
_xМатематические м етоды
_2psbo
686 _aП25-31с21,0
_2rubbk
700 1 _aМасюкова
_bО.В.
_gОльга Васильевна
702 1 _aПатерило
_bГ.А.
_4340
801 0 _aRU
_bNLR
_gpsbo
801 1 _aRU
_bELAR
_2rusmarc
852 _aNLR
_j79-5/3632
899 _aRuMoRGB
_jБ 79-18/153
899 _aRuMoRGB
_jБ 79-18/154
942 _cBOOK
980 _aNB